Statystyki dla Stolice świata najbliżej Oslo

Kliknij tutaj aby rozwiązać quiz!

Ogólne statystyki

  • Ten quiz został rozwiązany 180 razy
  • Średni wynik to 16 z 20

Statystyki odpowiedzi

kmstolica% Poprawnych
1064Warszawa
99%
484Kopenhaga
96%
418Sztokholm
96%
788Helsinki
95%
840Berlin
94%
914Amsterdam
89%
1047Wilno
88%
1155Londyn
87%
1086Bruksela
86%
1342Paryż
85%
844Ryga
85%
1120Praga
84%
788Tallinn
84%
1375Bratysława
77%
1352Wiedeń
74%
1266Dublin
73%
1184Luksemburg
71%
1220Mińsk
70%
1424Vaduz
46%
971T{horshavn}
6%

Rozkład punktacji

Percentyl według liczby udzielonych odpowiedzi

Procent ludzi z każdym wynikiem

Twoja historia wyników

Nie rozwiązałeś tego quizu